• 首页
  • 本馆介绍
  • 公告通知
  • 最新文献
  • 馆藏检索
  • 电子资源
  • 读者导购
  • 参考咨询
  • 我的图书馆
  • 登录
  • 详细信息显示
  • 放入我的书架
  • 预约/预借图书
  • 作者相关作品
  • 分类相关作品
  • 丛书相关作品
  • 出版社相关作品

书目信息

  • 表格格式
  • 工作单格式
  • 卡片格式
题名:
陆地表层系统模型模拟与分析
    
 
作者: 陈报章 著
分册:  
出版信息: 北京   科学出版社  2017.04
页数: 391页
开本: 26cm
丛书名: 地球信息科学基础丛书
单 册:
中图分类: P931.2
科图分类:
主题词: 地表--系统模型--研究
电子资源:
ISBN: 978-7-03-052003-6
000 01273oam2 2200241 450
001 3812
005 20181008152742.40
010    @a978-7-03-052003-6@dCNY149.00
100    @a20170619d2017 em y0chiy50 ea
101 0  @achi
102    @aCN@b110000
105    @aa z 000yy
200 1  @a陆地表层系统模型模拟与分析@9lu di biao ceng xi tong mo xing mo ni yu fen xi@f陈报章等著
210    @a北京@c科学出版社@d2017.04
215    @a391页@c图@d26cm
225 1  @a地球信息科学基础丛书
330    @a本书共4篇22章。第一篇主要介绍地球系统模式研究进展与展望,重点分析地球系统模式框架下陆表模块、大气模块、海洋模块及海冰模块间相互作用的原理及耦合方法等;第二篇介绍陆地表层系统模拟的原理与方法,对陆面过程模型各发展阶段有代表性的典型模型进行对比分析,并对模型模拟技术方法进行讨论;第三篇系统地介绍集成陆面过程模式(DLM),包括模式的结构和主要功能模块(能量平衡模块、土壤水热模块、地球化学循环模块、动态植被模块及城市模块),以及模式运行的环境搭建、数据制备及初始化设置方案;第四篇介绍几个DLM模式的应用案例。全书基本反映了陆地表层系统模型模拟与分析应用领域的当前研究进展与未来发展趋势。
461  0 @12001 @a地球信息科学基础丛书
606 0  @a地表@x系统模型@x研究
690    @aP931.2@v5
701  0 @a陈报章@9chen bao zhang@4著
801  0 @aCN@b91MARC@c20170619
905    @aMuseLib@dP931.2@e172
    
    陆地表层系统模型模拟与分析/陈报章等著.-北京:科学出版社,2017.04
    391页:图;26cm.-(地球信息科学基础丛书)
    
    
    ISBN 978-7-03-052003-6:CNY149.00
    本书共4篇22章。第一篇主要介绍地球系统模式研究进展与展望,重点分析地球系统模式框架下陆表模块、大气模块、海洋模块及海冰模块间相互作用的原理及耦合方法等;第二篇介绍陆地表层系统模拟的原理与方法,对陆面过程模型各发展阶段有代表性的典型模型进行对比分析,并对模型模拟技术方法进行讨论;第三篇系统地介绍集成陆面过程模式(DLM),包括模式的结构和主要功能模块(能量平衡模块、土壤水热模块、地球化学循环模块、动态植被模块及城市模块),以及模式运行的环境搭建、数据制备及初始化设置方案;第四篇介绍几个DLM模式的应用案例。全书基本反映了陆地表层系统模型模拟与分析应用领域的当前研究进展与未来发展趋势。
●
相关链接 在E读中查询图书 在五车中查询图书 在当当中查询图书 在豆瓣中查询图书


正题名:陆地表层系统模型模拟与分析     索取号:P931.2/172         预约/预借

序号 登录号 条形码 馆藏地/架位号 状态 备注
1 1123826   211238267   第二样本阅览室/ [索取号:P931.2/172] 在馆    
2 1123827   211238276   第三借阅区/ [索取号:P931.2/172] 在馆    
3 1123828   211238285   密集书库-生命科学系/ [索取号:P931.2/172] 在馆    
唐山师范学院图书馆 欢迎您!
大连网信软件有限公司© 版权所有